| 000 | 00364nam a2200157Ia 4500 | ||
|---|---|---|---|
| 008 | 200305s9999 xx 000 0 und d | ||
| 020 | _a978-0-07-13364-1 | ||
| 082 | _a658.45 | ||
| 082 | _bSEC | ||
| 100 | _aSERIES ACCESS | ||
| 245 | _aCOMMUNICATION FOR BUSINESS | ||
| 260 |
_aNEW DELHI _bMC GRAW HILL |
||
| 300 | _a364 | ||
| 650 | _aMANAGEMENT | ||
| 999 |
_c34577 _d34577 |
||
| 041 | _aeng | ||